书目信息 |
| 题名: |
建设工程监理
|
|
| 作者: | 李惠强 主编 | |
| 分册: | ||
| 出版信息: | 北京 中国建筑工业出版社 2003.9 |
|
| 页数: | 225页 | |
| 开本: | 26cm | |
| 丛书名: | ||
| 单 册: | ||
| 中图分类: | TU712 | |
| 科图分类: | ||
| 主题词: | 建筑工程--监督管理--高等学校--教材 , 建筑工程 , 监督管理 | |
| 电子资源: | ||
| ISBN: | 7-112-05969-0 | |
| 000 | 00686nam0 2200241 45 | |
| 001 | 012004000000 | |
| 005 | 20041201100710.53 | |
| 010 | @a7-112-05969-0@dCNY 20.00 | |
| 100 | @a20041009d2003 em y0chiy0121 ea | |
| 101 | 0 | @achi |
| 102 | @aCN@b110000 | |
| 105 | @aak z 000yy | |
| 200 | 1 | @a建设工程监理@Ajian she gong cheng jian li@f李惠强主编 |
| 210 | @a北京@c中国建筑工业出版社@d2003.9 | |
| 215 | @a225页@c图, 表格@d26cm | |
| 300 | @a高校土木工程专业教材 | |
| 606 | 0 | @a建筑工程@x监督管理@x高等学校@j教材 |
| 606 | 0 | @a建筑工程 |
| 606 | 0 | @a监督管理 |
| 690 | @aTU712@v4 | |
| 701 | 0 | @a李惠强@Ali hui qiang@4主编 |
| 801 | 0 | @aCN@bQSSKt@c20041201 |
| 905 | @a10447@dTU712@eL170 | |
| 建设工程监理/李惠强主编.-北京:中国建筑工业出版社,2003.9 |
| 225页:图, 表格;26cm |
| 高校土木工程专业教材 |
| ISBN 7-112-05969-0:CNY 20.00 |
| ● |
| 相关链接 |
|
|
|
正题名:建设工程监理
索取号:TU712/L170
 
预约/预借
| 序号 | 登录号 | 条形码 | 馆藏地/架位号 | 状态 | 备注 |
| 1 | 428639 | 204286398 | 建筑库201/201建筑库 20排1列3层/ [索取号:TU712/L170] | 在馆 | |
| 2 | 428640 | 204286405 | 建筑库201/201建筑库 20排1列3层/ [索取号:TU712/L170] | 在馆 | |
| 3 | 428641 | 204286414 | 建筑库201/201建筑库 20排1列3层/ [索取号:TU712/L170] | 在馆 |